Countries Within 1000 Miles of Cairo - Statistics

General Stats
  • This quiz has been taken 41 times
    24 since last reset
  • The average score is 20 of 23
Answer Stats
Country % Correct
Iran
100%
Iraq
100%
Jordan
100%
Sudan
100%
Turkey
100%
Israel
95%
Lebanon
95%
Libya
95%
Saudi Arabia
95%
Albania
91%
Armenia
91%
Cyprus
91%
Eritrea
91%
Greece
91%
Syria
91%
Chad
86%
Kuwait
86%
Bulgaria
82%
Italy
82%
Macedonia
82%
Georgia
77%
Serbia
73%
Romania
50%
No matching quizzes found
Score Distribution
Percent of People with Each Score
Percentile by Number Answered
Your Score History
You have not taken this quiz since the last reset